| 000 | 00661nam a2200229 a 4500 | ||
|---|---|---|---|
| 003 | AR-BaBNM | ||
| 005 | 20251128203129.0 | ||
| 008 | 082120s2002 ||||||||||||||000 | spa|| | ||
| 040 | _cAR-BaBNM | ||
| 100 | 1 | _aVogliano, Oscar R.C. | |
| 245 | 0 | 0 |
_aHospital de niños _bestampas y apuntes para su historia |
| 260 |
_aBuenos Aires _b[s.n.] _c1926 |
||
| 300 |
_a130 p. _bil., láms. |
||
| 500 | _aApéndice p. 123-130. | ||
| 650 | 4 | _aHISTORIA DE BUENOS AIRES | |
| 650 | 4 | _aHISTORIA PROVINCIAL ARGENTINA | |
| 650 | 4 | _aHISTORIA DE LA MEDICINA | |
| 650 | 4 | _aHISTORIA DE LAS COSTUMBRES | |
| 650 | 4 | _aHISTORIA DE LAS CIENCIAS | |
| 942 | _cBK | ||
| 998 | _cmariana | ||
| 999 |
_c2046 _d2046 |
||